Top 50 Best Selling Games of All Time - Statistics

General Stats
  • This quiz has been taken 22 times
  • The average score is 10 of 50
Answer Stats
Copies Sold Game Title % Correct
58,000,000 Super Mario Bros.
78%
238,000,000 Minecraft
67%
82,900,000 Wii Sports
39%
25,000,000 GTA IV
33%
27,500,000 GTA: San Andreas
33%
150,000,000 GTA V
33%
40,955,000 Pac-Man
33%
23,982,000 Sonic the Hedgehog
33%
26,200,000 Call of Duty: Black Ops
28%
28,300,000 Duck Hunt
28%
37,380,000 Mario Kart Wii
28%
47,520,000 Pokemon Red/Green/Blue/Yellow
28%
38,000,000 Red Dead Redemption 2
28%
26,662,500 Super Mario World
28%
24,200,000 Call of Duty: Black Ops 2
22%
22,700,000 Call of Duty: Modern Warfare 2
22%
26,500,000 Call of Duty: Modern Warfare 3
22%
20,000,000 GTA: Vice City
22%
45,530,000 Mario Kart 8/Deluxe
22%
29,490,000 Pokemon Gold/Silver/Crystal
22%
22,960,000 Super Mario 64
22%
24,890,000 The Legend of Zelda: Breath of the Wild
22%
28,020,000 Wii Play
22%
33,140,000 Wii Sports Resort
22%
33,890,000 Animal Crossing: New Horizons
17%
24,000,000 FIFA 18
17%
23,600,000 Mario Kart DS
17%
43,800,000 Wii Fit/Plus
17%
30,800,000 New Super Mario Bros.
11%
30,320,000 New Super Mario Bros. Wii
11%
23,960,000 Nintendogs
11%
25,230,000 Pokemon Sun & Moon
11%
21,850,000 Pokemon Sword & Shield
11%
70,000,000 PUBG
11%
21,400,000 Super Mario Odyssey
11%
24,770,000 Super Smash Bros. Ultimate
11%
35,000,000 Terraria
11%
30,000,000 The Witcher 3
11%
22,000,000 Borderlands 2
6%
30,000,000 Human: Fall Flat
6%
24,000,000 Kinect Adventures!
6%
24,730,000 Pokemon Diamond & Pearl
6%
22,540,000 Pokemon Ruby & Sapphire
6%
100,000,000 Tetris (EA)
6%
43,000,000 Tetris (Nintendo)
6%
30,000,000 Call of Duty: Modern Warfare (2019)
0%
30,000,000 Diablo III: Reaper of Souls
0%
24,430,000 Super Mario Bro. 3
0%
30,000,000 The Elder Scrolls V: Skyrim
0%
20,000,000 The Last of Us Remastered
0%
No matching quizzes found
Score Distribution
Percent of People with Each Score
Percentile by Number Answered
Your Score History
You have not taken this quiz